MDQL
is popping MORE tags! Check the
thread
!
Quizzes
Events
Quiz Creation
Community
Videos
Private Events
Remove Ads
Sign In
Join for FREE
Feedback
Dark Mode
Quiz Categories
Sports
Geography
Music
Movies
Television
Just For Fun
Miscellaneous
History
Literature
Language
Science
Gaming
Entertainment
Religion
Holiday
For Kids
Quiz Lab
Recent
Popular Today
Quiz Kudos Today
Editor Picks
Curator Picks
Quizzes by...
Day
Popularity
Type
Ratings
Length
Year
Community
Subscriptions
Recent Discussions
Orange Saloon
Badges
Playlists
Quests
Create
Leaderboards
Showdown
Live 5
Trivia Bingo
Activity
Puzzle Library
Sporcle Events
Private Events
Virtual Trivia
Globe League
Become a Host
Pub Owners
SporcleCon
Opinionation
Our Games
Videos
Blog
Mobile Apps
Partnerships
Remove Ads and Go Orange
Feedback
History
US Presidents
World Leaders
Politics
Nation
Discovery
War
Decade
Year
Century
Biography
Art
History
US Presidents
World Leaders
Politics
Nation
Discovery
War
Decade
Year
Century
Biography
Art
Random Quiz
Search Sporcle
×
Quiz Lab
Quiz Lab
History
War
Type in answers that appear in a list
Type in answers that appear in a list
Classic
Best Score? Go Orange.
USAF Ranks Stats
Can you name the USAF Ranks?
By
Sabre_One
10m
24 Questions
94 Plays
94 Plays
94 Plays
Comments
Comments
Give Quiz Kudos
Give Quiz Kudos
-
- Ratings
hide this ad
Replay
Link that replays current quiz
Next Quiz
Link to next quiz in quiz playlist
You Got
0%
They Got
Avg Score
68%
Avg Friend Score
Upgrade to see
Score Distribution
Jump to the score distribution portion of the page
Score
0/24
Timer
10:00
0
Plays Today
Rank Type
Rank
% Correct
Enlisted
Airman
93.6%
Enlisted
Staff Sergeant
91.5%
Enlisted
Master Sergeant
88.3%
Enlisted
Airman Basic
83%
Enlisted
Technical Sergeant
81.9%
Officer
Major
81.9%
Officer
Colonel
80.9%
Officer
Lieutenant
79.8%
Officer
Captain
79.8%
General
General
77.7%
Enlisted
Senior Airman
76.6%
General
Major General
76.6%
Rank Type
Rank
% Correct
Enlisted
Senior Master Sergeant
75.5%
Officer
Lieutenant Colonel
75.5%
General
Brigadier General
73.4%
General
Lieutenant General
73.4%
General
General of the Air Force
72.3%
Enlisted
Airman 1st Class
63.8%
Enlisted
Chief Master Sergeant
59.6%
Officer
2nd Lieutenant
59.6%
Enlisted
Chief Master Sergeant of the Air Force
52.1%
Enlisted
Command Chief Master Sergeant
44.7%
Enlisted
E-8 1st Sergeant
3.2%
Enlisted
E-9 1st Sergeant
3.2%
Quiz Playlist
Details
Report
Send in Message
Add To Playlist
Classic:
Type in answers that appear in a list
Last Updated: Feb 16, 2017
Quiz Scoreboard
CHALLENGE
Sign Up to Join the Scoreboard
Show All
Scores
Hide
Comments
May contain spoilers
Recently Published
Find the 'City' Movie
by crazypaving
Movies
60s
5x2 Blitz: Bands
by SL_Kpop136
Music
30s
Colored Red Africa Blitz
by spor1
Geography
30s
More to Explore
Quiz From the Vault
Featured Blog Post
14 Easter Pick-up Lines to Find Eggs With
hide this ad
You Might Also Like...
Tags
United States Quiz
War Quiz
Air Force
Flying
Military
Officer
pilot
USAF
Today's Top Quizzes in History
Browse History
hide this ad
Today's Top Quizzes in War
Browse War
Top Contributed Quizzes in History
1
Popular People in 1991
2
US National Parks Named After People
3
Popular People in 1981
4
Popular People in 1951
5
Popular People in 1941
6
Complete a popular quote - Maya Angelou
7
Order Up: 1000 Years of World Events I
8
Popular People in 1986
9
Popular People in 1936
10
Popular People in 1926
Explore More
Trending Topics
Kpop
Crossword
Anime
NBA
Marvel
Disney
Harry Potter
NFL
Puzzle
The Office
WWE
Country
Soccer
Pokémon
Song
hide this ad
More By:
Sabre_One
Quiz
Plays
Rating
Category
Featured
Created
US Army Ranks
1,726
2.75
History
Apr 10, 2012
NATO Codenames Of Russian Fighter Aircraft
345
2.50
History
Dec 13, 2011
ADF Ranks
272
1.00
History
Dec 14, 2011
US Military Aircraft Acronyms
259
2.00
History
Dec 6, 2011
US Coast Guard Ranks
194
History
Apr 15, 2012
Go to Creator's Profile
Score Distribution
Quiz Creator Spotlight
Sabre_One
Follow
Send a Message
Quizzes Created
-
Created Quiz Play Count
-
More By This Creator
Popular Quizzes Today
1
Find the 'City' Movie
2
5x2 Blitz: Bands
3
Colored Red Africa Blitz
4
Find the US States - No Outlines Minefield
5
The Countries of the World
6
Find the US States
7
9x9 Crossword: Cartoon Network
8
US States
More History Quizzes
Find the British Torpedo Bombers
Curator's Pick
Trending Quizzes
Colored Red Africa Blitz II
Colored Red Europe Blitz I
Colored Red Africa Blitz III
Colored Red Europe Blitz II
Colored Red Europe Blitz III
Recently Updated
Champions League XIs: Real Madrid
pecheneg
Largest US Cities 1790-2010
pecheneg
Rides in Walt Disney World
pecheneg
Most Oscar Losses (Acting)
pecheneg
Beyoncé Albums
pecheneg
Leaping Animals
pecheneg
Reality TV Shows (A-Z)
bhenderson79
Rickey Henderson's Hall of Fame Teammates
pecheneg
Champions League XIs: Arsenal
pecheneg
Quick Pick: Celebrities in WWE's Hall of Fame
aduchscher
Trending Topics
NBA
Marvel
Anime
Crossword
Kpop
Harry Potter
Disney
Country
NFL
Soccer
The Office
Pokémon
WWE
Puzzle
Song
Your Account Isn't Verified!
In order to create a playlist on Sporcle, you need to verify the email address you used during registration. Go to your
Sporcle Settings
to finish the process.
Report this User
Report this user for behavior that violates our
Community Guidelines
.
Details:
Send Report
Go to the Sporcle.com Mobile Site →
Comments